LEADER 00894nam0-22002891i-450 001 990004608180403321 005 20230302095530.0 035 $a000460818 035 $aFED01000460818 035 $a(Aleph)000460818FED01 035 $a000460818 100 $a19990530d1908----km-y0itay50------ba 101 0 $aita 105 $ay-------001yy 200 1 $aLinee di pedagogia elementare$eper le scuole normeli e i maestri secondo i vigenti programmi governativi$fSaverio de Dominicis 205 $a8a ed. 210 $aRoma$cDante Alighieri$d1908 215 $av.$d21 cm 327 $a2.: La vita interna della Scuola 700 1$aDe Dominicis,$bSaverio$f<1846-1930>$0389672 801 0$aIT$bUNINA$gRICA$2UNIMARC 901 $aBK 912 $a990004608180403321 952 $a5/XIII I 12$bSC.PED.66$fFLFBC 959 $aFLFBC 996 $aLinee di pedagogia elementare$9551085 997 $aUNINA LEADER 01294nam 2200409 450 001 9910798758003321 005 20230807212937.0 010 $a2-335-16796-0 035 $a(CKB)3710000000853666 035 $a(EBL)4678966 035 $a(MiAaPQ)EBC4678966 035 $a(Au-PeEL)EBL4678966 035 $a(CaPaEBR)ebr11265642 035 $a(OCoLC)958560663 035 $a(EXLCZ)993710000000853666 100 $a20200121d2015 uy 0 101 0 $afre 135 $aur|n|---||||| 181 $ctxt$2rdacontent 182 $cc$2rdamedia 183 $acr$2rdacarrier 200 14$aLes morts myste?rieuses de l'histoire$hTome II$iRois, reines et princes franc?ais de Louis XIII a? Napole?on III /$fAugustin Cabane?s 210 1$a[Place of publication not identified] :$cLigaran,$d[2015] 210 4$dİ2015 215 $a1 online resource (198 p.) 225 0 $aLivre nume?rique 300 $aDescription based upon print version of record. 607 $aFrance$xKings and rulers$xDeath 676 $a393.086210944 700 $aCabane?s$b Augustin$f1862-1928,$0389486 801 0$bMiAaPQ 801 1$bMiAaPQ 801 2$bMiAaPQ 906 $aBOOK 912 $a9910798758003321 996 $aLes morts myste?rieuses de l'histoire$93836368 997 $aUNINA